| 000 | 00723nam a2200265Ia 4500 | ||
|---|---|---|---|
| 003 | OSt | ||
| 005 | 20220918170042.0 | ||
| 006 | a|||||r|||| 00| 0 | ||
| 007 | ta | ||
| 008 | 220917b |||||||| |||| 00| 0 eng d | ||
| 020 | _a8187649046 (pbk) | ||
| 024 | _a236,434 | ||
| 037 | _cTextual | ||
| 040 |
_aARTS _cARTS _beng |
||
| 041 |
_2eng _aeng |
||
| 082 | _aO111944,3x, P1 | ||
| 100 |
_aRavikant Ed. _926831 |
||
| 245 | 0 | _aTranslating parition | |
| 260 |
_aNew Delhi _bKatha India _c2001 |
||
| 300 |
_axxx,239p. _ccm. |
||
| 650 | _aENGLISH LITERATURE | ||
| 700 |
_a Saint Tarun K Ed. _926832 |
||
| 942 |
_hO111944,3x, P1 _cTEXL _2CC |
||
| 999 |
_c132391 _d132391 |
||